Educational psychology : (Record no. 21626)
[ view plain ]
| 000 -LEADER | |
|---|---|
| fixed length control field | 01011cam a22003015a 4500 |
| 001 - CONTROL NUMBER | |
| control field | 017633350 |
| 003 - CONTROL NUMBER IDENTIFIER | |
| control field | OSt |
| 005 - DATE AND TIME OF LATEST TRANSACTION | |
| control field | 20160413150903.0 |
| 008 - FIXED-LENGTH DATA ELEMENTS--GENERAL INFORMATION | |
| fixed length control field | 151104t2016 enka frbd 001 0 eng d |
| 020 ## - INTERNATIONAL STANDARD BOOK NUMBER | |
| International Standard Book Number | 9781292107561 |
| 020 ## - INTERNATIONAL STANDARD BOOK NUMBER | |
| International Standard Book Number | 1292107561 |
| 040 ## - CATALOGING SOURCE | |
| Original cataloging agency | UkOxU |
| Language of cataloging | eng |
| Transcribing agency | UkOxU |
| Modifying agency | EG-ScBUE |
| 082 04 - DEWEY DECIMAL CLASSIFICATION NUMBER | |
| Edition number | 22 |
| Classification number | 370.15 |
| Item number | EGG |
| 100 1# - MAIN ENTRY--PERSONAL NAME | |
| Personal name | Eggen, Paul D., |
| Dates associated with a name | 1940- |
| 9 (RLIN) | 39820 |
| 245 10 - TITLE STATEMENT | |
| Title | Educational psychology : |
| Remainder of title | windows on classrooms / |
| Statement of responsibility, etc | Paul Eggen, Don Kauchak. |
| 250 ## - EDITION STATEMENT | |
| Edition statement | 10th ed., Global ed. |
| 260 ## - PUBLICATION, DISTRIBUTION, ETC. (IMPRINT) | |
| Place of publication, distribution, etc | Harlow : |
| Name of publisher, distributor, etc | Pearson Education Limited, |
| Date of publication, distribution, etc | c.2016. |
| 300 ## - PHYSICAL DESCRIPTION | |
| Extent | 749 p. : |
| Other physical details | ill. ; |
| Dimensions | 28 cm. |
| 500 ## - GENERAL NOTE | |
| General note | Date of publication from publisher's website. |
| 500 ## - GENERAL NOTE | |
| General note | Includes indexes. |
| 500 ## - GENERAL NOTE | |
| General note | Glossary : p. 677-684. |
| 504 ## - BIBLIOGRAPHY, ETC. NOTE | |
| Bibliography, etc | Bibliography : p. 685-722. |
| 650 #7 - SUBJECT ADDED ENTRY--TOPICAL TERM | |
| Topical term or geographic name as entry element | Educational psychology |
| General subdivision | Study and teaching (Higher) |
| Source of heading or term | BUEsh |
| 9 (RLIN) | 39821 |
| 650 #7 - SUBJECT ADDED ENTRY--TOPICAL TERM | |
| Topical term or geographic name as entry element | Learning, Psychology of |
| Form subdivision | Case studies. |
| Source of heading or term | BUEsh |
| 9 (RLIN) | 39822 |
| 653 ## - INDEX TERM--UNCONTROLLED | |
| Resource For college | Nursing |
| Arrived date list | April2016 |
| 700 1# - ADDED ENTRY--PERSONAL NAME | |
| Personal name | Kauchak, Donald P., |
| Dates associated with a name | 1946- |
| 942 ## - ADDED ENTRY ELEMENTS (KOHA) | |
| Source of classification or shelving scheme | Dewey Decimal Classification |
| Withdrawn status | Item status | Source of classification or shelving scheme | Damaged status | Not for loan | Vendor | Home library | Current library | Shelving location | Date acquired | Source of acquisition | Cost, normal purchase price | Total Checkouts | Full call number | Barcode | Date last seen | Cost, replacement price | Koha item type | Date last borrowed |
|---|---|---|---|---|---|---|---|---|---|---|---|---|---|---|---|---|---|---|
| Dewey Decimal Classification | Alahram | Central Library | Central Library | First floor | 13/04/2016 | Purchase | 390.00 | 370.15 EGG | 000032331 | 22/10/2025 | 487.50 | Book - Borrowing | ||||||
| Dewey Decimal Classification | Alahram | Central Library | Central Library | First floor | 13/04/2016 | Purchase | 390.00 | 1 | 370.15 EGG | 000032332 | 15/07/2025 | 487.50 | Book - Borrowing | 11/03/2018 |